00501nam a2200193 a 4500001001300000003000900013005001700022008004100039020001000080082002000090100002500110245003800135260003300173300000900206500003500215505001000250650002200260700002500282nice12345678IN_TiNIC20260116013543.0050524s1983 laha grp 000 0 eng  ac10000a500.80297bNAS1 aNasr, Seyyed Hossein aScience and Civilization in Islam aLahorebSuhail Academyc1983 a348p aincludes index and biblioraphy2 aindex aQuran and Science1 aNasr, Seyyed Hossein